The Mourning Handbook : The Most Comprehensive Resource Offering Practical and Compassionate Advice on Coping with All Aspects of Death and Dying /

Obra práctica sobre aspectos relacionados con la muerte de un ser querido, tales como la preparación del funeral, la atención del duelo, el manejo del dolor, hasta el acompañamiento profesional para la aceptación de la pérdida.

保存先:
書誌詳細
第一著者: Fitzgerald, Helen (autor)
フォーマット: 図書
言語:英語
出版事項: Nueva York, EUA : Fireside, 1995, c1994
主題:
タグ: タグ追加
タグなし, このレコードへの初めてのタグを付けませんか!

MARC

LEADER 00000nam^a2200000^a^4500
001 000414404
005 20250521000000.0
009 20260310122230.655
037 |a Acervo ITESO - Biblioteca 
041 |a ING 
082 |a 155. 937  |b FIT 
100 |a Fitzgerald, Helen  |e (autor) 
245 1 4 |a The Mourning Handbook :  |b The Most Comprehensive Resource Offering Practical and Compassionate Advice on Coping with All Aspects of Death and Dying /  |c H. Fitzgerald. 
264 4 |a Nueva York, EUA :  |b Fireside,  |c 1995, c1994 
300 |a 317 p. 
336 |a texto  |b txt  |2 rdacontenido 
337 |a sin mediación  |b n  |2 rdamedio 
338 |a volumen  |b nc  |2 rdasoporte 
520 |a Obra práctica sobre aspectos relacionados con la muerte de un ser querido, tales como la preparación del funeral, la atención del duelo, el manejo del dolor, hasta el acompañamiento profesional para la aceptación de la pérdida. 
649 |a XX 
650 |a Dolor -  |x Aspectos Psicológicos 
650 |a Duelo -  |x Tema Principal 
650 |a Ritos Funerarios 
650 |a Muerte -  |x Aspectos Psicológicos -  |x Tema Principal 
650 |a Psicoterapia 
650 |a Psicología Clínica 
910 |a Fondo General 
920 |a Impresos - Libros 
930 |a Colección General 
905 |a 101 
901 |a 0500323841  |b IT1  |c ACC  |i D114410  |u 20250521 
902 |a https://opac.biblio.iteso.mx/vufind/Record/000414404